Fortschritte der chemie organischer naturstoffe = progress in the chemistry of organic natural products (Registro nro. 135223)
[ vista simple ]
| 000 -LEADER | |
|---|---|
| fixed length control field | 01072nam a22002657a 4500 |
| 005 - DATE AND TIME OF LATEST TRANSACTION | |
| control field | 20170628100109.0 |
| 008 - FIXED-LENGTH DATA ELEMENTS--GENERAL INFORMATION | |
| fixed length control field | 170628b au ||||| |||| 00| 0 eng d |
| 020 ## - INTERNATIONAL STANDARD BOOK NUMBER | |
| International Standard Book Number | 3211827021 |
| 050 04 - LIBRARY OF CONGRESS CALL NUMBER | |
| Classification number | QD251.2 |
| Item number | F67 1996 |
| 245 00 - TITLE STATEMENT | |
| Title | Fortschritte der chemie organischer naturstoffe = progress in the chemistry of organic natural products |
| Statement of responsibility, etc | / G.W. Gribble,...[et al.] ; funded by L. Zechmeister ; edited by W. Herz,...[et al.] |
| 246 31 - VARYING FORM OF TITLE | |
| Title proper/short title | Progress in the chemistry of organic natural products |
| 250 ## - EDITION STATEMENT | |
| Edition statement | 1a ed. |
| 260 ## - PUBLICATION, DISTRIBUTION, ETC. (IMPRINT) | |
| Place of publication, distribution, etc | Austria : |
| Name of publisher, distributor, etc | SpringerWien, |
| Date of publication, distribution, etc | 1996 |
| 300 ## - PHYSICAL DESCRIPTION | |
| Other physical details | v. : |
| Extent | il. ; |
| Dimensions | 24 cm. |
| 490 0# - SERIES STATEMENT | |
| Series statement | Springer chemistry ; |
| Volume number/sequential designation | 68, 81 |
| 504 ## - BIBLIOGRAPHY, ETC. NOTE | |
| Bibliography, etc | Incluye bibliografías e índices |
| 505 1# - FORMATTED CONTENTS NOTE | |
| Formatted contents note | Contenido : |
| Title | V. 68 Sin un titulo especifico. |
| Statement of responsibility | / G. W. Gribble |
| Title | V. 81 Sin un titulo especifico |
| Statement of responsibility | / S. Huneck. |
| 650 #7 - SUBJECT ADDED ENTRY--TOPICAL TERM | |
| Source of heading or term | lemb |
| Topical term or geographic name as entry element | Química orgánica |
| 700 1# - ADDED ENTRY--PERSONAL NAME | |
| Personal name | Gribble, G. W., |
| Relator term | autor |
| 700 1# - ADDED ENTRY--PERSONAL NAME | |
| Personal name | Huneck, S., |
| Relator term | autor |
| 700 1# - ADDED ENTRY--PERSONAL NAME | |
| Personal name | Zechmeister, L., |
| Relator term | fundador |
| 700 1# - ADDED ENTRY--PERSONAL NAME | |
| Personal name | Herz, W., |
| Relator term | editor |
| 700 1# - ADDED ENTRY--PERSONAL NAME | |
| Personal name | Kirbi, G. W., |
| Relator term | editor |
| 942 ## - ADDED ENTRY ELEMENTS (KOHA) | |
| Source of classification or shelving scheme | Biblioteca del Cogreso de los Estados Unidos |
| Koha item type | Libro |
| Estado de pérdida | Fuente de clasificación | Estado del daño | No para préstamo | Ubicación permanente | Ubicación actual | Apartado o colección | Fecha de adquisición | Edición | Enumeración de Serie / Cronológica | Dependencia de educación superior (DES) | Área del conocimiento | Clasificación | Código de Barras | Date last seen | Número de copia | Costo por reposición | Tipo de recurso |
|---|---|---|---|---|---|---|---|---|---|---|---|---|---|---|---|---|---|
| Biblioteca del Cogreso de los Estados Unidos | Consulta | Biblioteca de la Facultad de Ingeniería en Tecnología de la Madera | Biblioteca de la Facultad de Ingeniería en Tecnología de la Madera | General | 28/06/2017 | 1a ed. | V.68 | Ingeniería y Arquitectura | Ciencias Naturales y Exactas | QD251.2 F67 1996 | BTM000001203 | 28/06/2017 | 1 | 1.00 | Libro | ||
| Biblioteca del Cogreso de los Estados Unidos | Biblioteca de la Facultad de Ingeniería en Tecnología de la Madera | Biblioteca de la Facultad de Ingeniería en Tecnología de la Madera | General | 28/06/2017 | 1a ed. | V.68 | Ingeniería y Arquitectura | Ciencias Naturales y Exactas | QD251.2 F67 1996 | BTM000001204 | 28/06/2017 | 2 | 1.00 | Libro | |||
| Biblioteca del Cogreso de los Estados Unidos | Consulta | Biblioteca de la Facultad de Ingeniería en Tecnología de la Madera | Biblioteca de la Facultad de Ingeniería en Tecnología de la Madera | General | 28/06/2017 | 1a ed. | V.81 | Ingeniería y Arquitectura | Ciencias Naturales y Exactas | QD251.2 F67 1996 | BTM000001205 | 28/06/2017 | 1 | 1.00 | Libro |